000 00387nam a2200169Ia 4500
001 18640
003 IN-NITTTR
005 20251114233216.0
008 251113s9999||||xx |||||||||||||| ||eng||
040 _beng
040 _cIN-NITTTR
041 _aeng
082 _a338.04 G387S
100 _aGilder, George
245 4 _aThe spirit of enterprise /
_cGilder, George
942 _2ddc
_cBK
999 _c21274
_d21274